| 000 | 00704nam a2200193Ia 4500 | ||
|---|---|---|---|
| 003 | GCL | ||
| 008 | 140319s9999 xx 000 0 ara d | ||
| 040 |
_aGCL / _cGCL |
||
| 082 | 0 | 4 |
_a341.75 _bز ع |
| 100 | 1 | _aزينب حسين عوض الله | |
| 245 | 1 | 0 |
_aالعلاقات الاقتصادية الدولية / _cزينب حسين عوض الله |
| 260 |
_aالقاهرة : _bالفتح للطباعة و النشر ، _c2003 |
||
| 300 |
_a361 ص ؛ _c26سم |
||
| 650 | 0 | 4 | _aالتكامل الاقتصادى |
| 650 | 0 | 4 | _aالاقتصاد الدولى |
| 650 | 0 | 4 | _aالعلاقات الاقتصادية الدولية |
| 650 | 0 | 4 | _aالاستثمارات الاجنبية |
| 942 |
_2ddc _cBK |
||
| 999 |
_c58238 _d58238 |
||